Dando sentido a la ciencia en secundaria : (Record no. 103991)

MARC details
000 -CABECERA
campo de control de longitud fija 00642nam a2200193 a 4500
005 - FECHA Y HORA DE LA ÚLTIMA TRANSACCIÓN
campo de control 20240305063801.0
008 - ELEMENTOS DE LONGITUD FIJA--INFORMACIÓN GENERAL
campo de control de longitud fija 040212s1999 mx r 000 0 spa d
020 ## - NÚMERO INTERNACIONAL NORMALIZADO PARA LIBROS
Número Internacional Estándar del Libro 8477741336
035 ## - NÚMERO DE CONTROL DEL SISTEMA
Número de control de sistema UPN01000131836
049 ## - COLECCIÓN
Colección CG
050 #4 - SIGNATURA TOPOGRÁFICA DE LA BIBLIOTECA DEL CONGRESO
Número de clasificación Q181
Número de documento/Ítem D3.6
245 00 - MENCIÓN DE TÍTULO
Título Dando sentido a la ciencia en secundaria :
Resto del título investigaciones sobre las ideas de los niños /
Mención de responsabilidad, etc. Rosalind Driver ... [et al.] ; tr. María José Pozo Municio.
260 ## - PUBLICACIÓN, DISTRIBUCIÓN, ETC.
Lugar de publicación, distribución, etc. Madrid :
Nombre del editor, distribuidor, etc. Visor,
Fecha de publicación, distribución, etc. 1999.
300 ## - DESCRIPCIÓN FÍSICA
Extensión 266 p.
440 #0 - MENCIÓN DE SERIE/ASIENTO SECUNDARIO--TÍTULO
Título Aprendizaje ;
Designación de volumen o secuencia 133
650 #4 - ASIENTO SECUNDARIO DE MATERIA - TERMINO TEMATICO
Término de materia o nombre geográfico como elemento de entrada Ciencia
Subdivisión general Estudio y enseñanza (Secundaria)
9 (RLIN) 10108
700 1# - ASIENTO SECUNDARIO--NOMBRE DE PERSONAL
Nombre de persona Driver, Rosalind,
Término indicativo de función/relación coaut.
905 ## - TIPO DE MATERIAL
Tipo de material Libro
Holdings
Estado de retiro Estado de pérdida Fuente del sistema de clasificación o colocación Estado dañado No para préstamo Código de colección Localización permanente Ubicación/localización actual Ubicación en estantería Total de préstamos Clasificación Código de barras Fecha visto por última vez Número de copia Tipo de ítem Koha
    Library of Congress Classification     Colección General Bib. Gregorio Torres Quintero Bib. Gregorio Torres Quintero Planta baja 1 Q181 D3.6 317210 31/12/2020 1 Libro
    Library of Congress Classification     Colección General Bib. Gregorio Torres Quintero Bib. Gregorio Torres Quintero Planta baja 25 Q181 D3.6 222346 31/12/2020 1 Libro
    Library of Congress Classification     Colección General Bib. Gregorio Torres Quintero Bib. Gregorio Torres Quintero Planta baja 35 Q181 D3.6 222347 31/12/2020 1 Libro